[Event "SWZ-chT"]
[Site "SWZ"]
[Date "1994.??.??"]
[Round "3"]
[White "Ruefenacht, Matthias"]
[Black "Landenbergue, Claude"]
[Result "0-1"]
[WhiteElo "2390"]
[BlackElo "2390"]

1.e4 c5 2.Nc3 Nc6 3.Nf3 e6 4.d4 cxd4 5.Nxd4 a6 6.Be3 Nge7 7.Bd3 Nxd4 8.Bxd4 b5
9.O-O Bb7 10.f4 Qc7 11.a3 Ng6 12.Qh5 Nxf4 13.Qf3 e5 14.Bxe5 Qxe5 15.Qxf4 Bc5+
16.Kh1 Qxf4 17.Rxf4 Bd4 18.Nd1 O-O 19.c3 Bf6 20.Ne3 Bg5 21.Rf3 Rae8 22.Nd5 Re5
23.b3 Bc6 24.Raf1 f6 25.Rf5 Rxf5 26.Rxf5 g6 27.Rf1 f5 28.Re1 Re8 29.c4 Kg7
30.Kg1 bxc4 31.bxc4 fxe4 32.Bxe4 Bd2 33.Rd1 Rxe4 34.Rxd2 Rxc4 35.Nb4 Bb5
36.a4 Bxa4 37.Nxa6 Bb5 38.Nb8 Rc8 39.Rxd7+ Bxd7 40.Nxd7 Rc2 41.Ne5 Kf6 42.Nf3 Ra2
43.h3 Kf5 44.Kh2 Kf4 45.Ne1 Rd2 46.Nf3 Rd5 47.Ne1 g5 48.Nf3 h5 49.Ne1 g4
50.g3+ Ke4 51.h4 Rd2+ 52.Kg1 Rd1 53.Kf2 Rxe1  0-1

[Event "SWZ-chT"]
[Site "SWZ"]
[Date "1994.??.??"]
[Round "4"]
[White "Mueller, W."]
[Black "Domont, Alexandre"]
[Result "0-1"]
[WhiteElo "1990"]
[BlackElo "2305"]

1.e4 c5 2.Nc3 Nc6 3.Nf3 e6 4.d4 cxd4 5.Nxd4 Nf6 6.Ndb5 d6 7.Bf4 e5 8.Bg5 a6
9.Na3 b5 10.Bxf6 gxf6 11.Nd5 f5 12.Bd3 Be6 13.O-O Bxd5 14.exd5 Ne7 15.Nxb5 Bg7
16.Nc3 O-O 17.Qe2 Qa5 18.Rfd1 e4 19.Bc4 Rfc8 20.a4 Ng6 21.Ra3 Ne5 22.Ba2 Rab8
23.Rb3 Ng6 24.Rxb8 Rxb8 25.Bb3 Rc8 26.Qh5 Ne7 27.Qg5 Qd8 28.Ne2 h6 29.Qf4 Bxb2
30.Qxh6 Ng6 31.Nd4 Bxd4 32.Rxd4 Qf6 33.Qe3 Re8 34.Rd1 f4 35.Qe2 f3 36.gxf3 Nh4
37.Kh1 Nxf3  0-1

[Event "SWZ-chT"]
[Site "SWZ"]
[Date "1994.??.??"]
[Round "5"]
[White "Borner, Daniel"]
[Black "Kamber, Bruno"]
[Result "0-1"]
[WhiteElo "2195"]
[BlackElo "2345"]

1.e4 c5 2.Nf3 e6 3.d4 cxd4 4.Nxd4 Nc6 5.Nc3 Qc7 6.g3 d6 7.Bg2 Nxd4 8.Qxd4 Bd7
9.O-O Nf6 10.h3 Be7 11.Be3 O-O 12.g4 Bc6 13.Qd2 b5 14.g5 Nd7 15.f4 Rfe8 16.Rae1 Rac8
17.Rf2 Qb7 18.a3 Bf8 19.h4 a5 20.h5 b4 21.axb4 axb4 22.Nd5 exd5 23.exd5 Bb5
24.Qxb4 Rc4 25.Qd2 Nc5 26.Bxc5 dxc5 27.c3 Ra4 28.Rxe8 Bxe8 29.Re2 Qb8 30.d6 Ra1+
31.Kf2 Ra6 32.d7 Bxd7 33.Qxd7 Qxf4+ 34.Bf3 Qh2+ 35.Bg2 Qh4+ 36.Kf3 Rd6 37.Qf5 Qxh5+
38.Kf2 Rf6  0-1

[Event "SWZ-chT"]
[Site "SWZ"]
[Date "1994.??.??"]
[Round "6"]
[White "Georg, Michel"]
[Black "Kamber, Bruno"]
[Result "1/2-1/2"]
[WhiteElo "2170"]
[BlackElo "2345"]

1.e4 c5 2.Nf3 e6 3.d4 cxd4 4.Nxd4 Nc6 5.Nc3 Qc7 6.Be2 a6 7.Be3 Nf6 8.f4 Bb4
9.Bf3 e5 10.Nxc6 dxc6 11.f5 b5 12.O-O Qe7 13.Qe1 Bc5 14.Rd1 Bb7 15.Qf2 Bxe3
16.Qxe3 Nd7 17.Rd2 O-O-O 18.Rfd1 Qc5 19.Kf2 Qxe3+ 20.Kxe3 Kc7 21.g4 Nb6 22.b3 Rxd2
23.Rxd2 c5 24.a4 bxa4 25.Nxa4 Nxa4 26.bxa4 Bc6 27.Be2 Rb8 28.Bxa6 Rb4 29.Bd3 Rxa4
30.Rd1 Ra3 31.Kd2 f6 32.Re1 Kd6 33.Re3 Ra4 34.Kc3 Rd4 35.Kb3 Rb4+ 36.Kc3 Rb1
37.Bc4 Rg1 38.h3 h5 39.gxh5 Rg5 40.h6 gxh6 41.Rd3+ Kc7 42.Bd5 Be8 43.Kc4 Rg2
44.Kxc5 Rxc2+ 45.Kb4 Bc6 46.Bxc6 Kxc6 47.Rg3 Re2 48.Rg4 Re3 49.Kc4 Kd6 50.Rh4 h5
51.Kb4 Kc6 52.Kc4 Kd6 53.Kb4 Rd3 54.Kc4 Rd4+ 55.Kc3 Ke7 56.Kc2 Kf7 57.Kc3 Kg7
58.Rxh5 Rxe4 59.Kd3 Rf4 60.Ke3 Kf8 61.Kd3 Ke7 62.Ke2 Kd6 63.Ke3 Kd5 64.h4 Kc4
65.Rh8 Rxf5 66.h5 Kd5 67.h6 Rh5 68.h7 Rh3+ 69.Kf2 Kc4 70.Rf8 Rxh7 71.Rxf6 Ra7
72.Rb6 Ra2+ 73.Ke1 Rc2 74.Rb3 Ra2 75.Rh3 Kd4 76.Rb3 e4 77.Rh3 Rb2 78.Rg3 Ke5
79.Rh3 Kf4 80.Ra3 Rb4 81.Rc3 Rb1+ 82.Ke2 Rh1 83.Ra3 Rh2+ 84.Ke1 Rg2 85.Rb3 Rg5
86.Ke2 Ra5 87.Ke1 e3 88.Rb8 Ra1+ 89.Ke2 Ra2+ 90.Ke1 Ra1+ 91.Ke2  1/2-1/2

[Event "SWZ-chT"]
[Site "SWZ"]
[Date "1994.??.??"]
[Round "7"]
[White "Huebner, Robert"]
[Black "Franzoni, Giancarlo"]
[Result "1-0"]
[WhiteElo "2605"]
[BlackElo "2445"]

1.e4 c5 2.Nf3 e6 3.Nc3 Nc6 4.d4 cxd4 5.Nxd4 Qc7 6.g3 d6 7.Ndb5 Qb8 8.Bf4 Ne5
9.Bxe5 dxe5 10.Qd3 Bd7 11.O-O-O Nf6 12.Nd6+ Bxd6 13.Qxd6 Qxd6 14.Rxd6 Ke7
15.Rd2 Rhd8 16.f3 a6 17.Nd1 Bc6 18.Ne3 Rxd2 19.Kxd2 Rd8+ 20.Bd3 Bb5 21.c4 Be8
22.Kc3 Nd7 23.Rd1 a5 24.Bc2 Nc5 25.Rxd8 Kxd8 26.b3 b6 27.a3 Bc6 28.b4 Nd7
29.Nd1 f5 30.Kd2 axb4 31.axb4 Nf6 32.Nf2 g6 33.Nd3 Nd7 34.Ke3 Ke7 35.h4 Kd6
36.g4 h6 37.Nf2 f4+ 38.Kd2 Ke7 39.g5 hxg5 40.hxg5 Kd6 41.Nd3 b5 42.Nb2 Nf8
43.Bd3 Nh7 44.cxb5 Be8 45.Nc4+ Kc7 46.b6+ Kb8 47.Nxe5 Nxg5 48.Ba6  1-0

[Event "Wch U18"]
[Site "Szeged"]
[Date "1994.??.??"]
[Round "4"]
[White "Kaminski, Marcin"]
[Black "Szuk, Balazs"]
[Result "1-0"]
[WhiteElo "2445"]
[BlackElo "2370"]

1.e4 c5 2.Nf3 e6 3.d4 cxd4 4.Nxd4 Nc6 5.Nc3 Qc7 6.Be2 a6 7.O-O Nf6 8.Be3 Bb4
9.Na4 O-O 10.Nxc6 bxc6 11.f4 Be7 12.Bd3 c5 13.c4 d6 14.Nc3 Rd8 15.Qf3 Rb8
16.Rf2 Nd7 17.Qh3 Nf8 18.f5 Bf6 19.Raf1 Rxb2 20.Rxb2 Bxc3 21.Rbf2 exf5 22.exf5 Re8
23.Kh1 f6 24.Rc2 Be5 25.Be4 Kh8 26.Qf3 Qb6 27.Bd5 Bd7 28.Re2 Ba4 29.Bf4 Nd7
30.Qh5 Rf8 31.Bc1 Qb1 32.Re4 h6 33.Rfe1  1-0

[Event "Wch U18 Girls"]
[Site "Szeged"]
[Date "1994.??.??"]
[Round "9"]
[White "Andreescu, Nicoleta Aurora"]
[Black "Popova, Natalija"]
[Result "0-1"]
[WhiteElo "2085"]
[BlackElo "2065"]

1.e4 c5 2.Nf3 Nc6 3.d4 cxd4 4.Nxd4 e6 5.Nc3 d6 6.Be3 Be7 7.Qd2 Nf6 8.f3 O-O
9.g4 Nxd4 10.Bxd4 a6 11.g5 Nd7 12.h4 b5 13.O-O-O Bb7 14.Rg1 Rc8 15.Bd3 Nc5
16.Kb1 b4 17.Ne2 a5 18.h5 Bc6 19.g6 fxg6 20.hxg6 h6 21.Qe3 Nxd3 22.cxd3 a4
23.Ng3 Bg5 24.Qe2 Bb5 25.Nh5 e5 26.Be3 Bxe3 27.Qxe3 b3 28.a3 Rc2 29.Rh1 Qc7
30.Ng3 Rxb2+ 31.Kxb2 Qc2+  0-1

[Event "ISR-ch"]
[Site "Tel Aviv"]
[Date "1994.??.??"]
[Round "10"]
[White "Gruenfeld, Yehuda"]
[Black "Tseitlin, Mark D"]
[Result "1-0"]
[WhiteElo "2550"]
[BlackElo "2465"]

1.e4 c5 2.Nf3 Nc6 3.d4 cxd4 4.Nxd4 e6 5.Nc3 Qc7 6.g3 d6 7.Bg2 a6 8.O-O Bd7
9.Nxc6 Bxc6 10.Re1 Be7 11.Qg4 h5 12.Qe2 h4 13.a4 Rc8 14.Be3 Nf6 15.a5 Nd7
16.Bd4 Bf6 17.Bxf6 Nxf6 18.Qd2 Qe7 19.Rad1 Rd8 20.Nd5 Bxd5 21.exd5 e5 22.c4 hxg3
23.hxg3 Ng4 24.c5 Qf6 25.cxd6 Rxd6 26.f3 Nh6 27.Rxe5+ Qxe5 28.Re1 f6 29.Rxe5+ fxe5
30.Qb4 Nf7 31.Qxb7 O-O 32.b4 Rfd8 33.f4 exf4 34.gxf4 R8d7 35.Qc8+ Rd8 36.Qc7 R8d7
37.Qc4 Rg6 38.Qe4 Kh7 39.Qd3 Rd6 40.Kf2 Kg8 41.b5 axb5 42.Qxb5 Rgf6 43.Qe8+ Kh7
44.Be4+ g6 45.Kg3 Kg7 46.Qe7 Rd8 47.Qb7 Kh6 48.Qb2 Ra6 49.Bd3 Rad6 50.Bc4 R6d7
51.Qf6 Nh8 52.a6 Rd6 53.Qg5+ Kg7 54.Qe5+ Kg8 55.a7 Nf7 56.Qe7 Rc8 57.Bb5 Rxd5
58.Bc4 Rf5 59.Qe6  1-0

[Event "ISR-ch"]
[Site "Tel Aviv"]
[Date "1994.??.??"]
[Round "11"]
[White "Maryasin, Boris"]
[Black "Tseitlin, Mark D"]
[Result "1-0"]
[WhiteElo "2330"]
[BlackElo "2465"]

1.e4 c5 2.Nf3 e6 3.d4 cxd4 4.Nxd4 Nc6 5.Nc3 Qc7 6.g3 a6 7.Bg2 d6 8.Nxc6 bxc6
9.O-O Bb7 10.Re1 Nf6 11.Na4 c5 12.c4 Be7 13.Bf4 Nd7 14.Rc1 O-O 15.Qd2 Bc6
16.Nc3 Ne5 17.Qe2 Rad8 18.b4 cxb4 19.Nd5 Qb7 20.Nxe7+ Qxe7 21.c5 Bb5 22.Qh5 Nd3
23.cxd6 Qa7 24.Be3 Qd7 25.e5 Nxe1 26.Rc7 Nxg2 27.Rxd7 Bxd7 28.Kxg2 Rb8 29.Qg4 Bc6+
30.Kh3 f5 31.Qc4 Bd5 32.Qxa6 h6 33.Bb6 Rb7 34.Bc7 Kh7 35.Qa4 f4 36.Qc2+ Kg8
37.d7 Ra7 38.Qc5 Rxa2 39.Qxb4 Rxf2 40.Qxf8+ Kxf8 41.d8=Q+ Kf7 42.Bb6 Rf3
43.Qc7+ Kg8 44.Qc8+ Kh7 45.Qc2+ Kg8 46.Qg6 fxg3 47.hxg3 Rf1 48.g4 Rf8 49.Kh4 Rf1
50.Bd8 Rf7 51.Bf6 Rb7 52.Kg3 Rf7 53.Bxg7 Rxg7 54.Qxh6 Rh7 55.Qg6+ Rg7 56.Qe8+ Kh7
57.Kf4 Bc4 58.g5 Bd3 59.Qxe6 Bg6 60.Qh3+ Kg8 61.Qc8+ Kh7 62.e6 Rg8 63.Qd7+ Kh8
64.Qd4+ Kh7 65.Ke5 Bh5 66.Qe4+ Kg7 67.Qb7+ Kh8 68.Qh1 Rxg5+ 69.Kf4 Ra5 70.e7 Kg7
71.Qxh5  1-0

[Event "Ticino op"]
[Site "Ticino"]
[Date "1994.??.??"]
[Round "3"]
[White "Berset, Philippe"]
[Black "Kamber, Bruno"]
[Result "0-1"]
[WhiteElo "2215"]
[BlackElo "2355"]

1.e4 c5 2.Nf3 e6 3.Nc3 Nc6 4.d4 cxd4 5.Nxd4 Qc7 6.g3 d6 7.Bg2 Nxd4 8.Qxd4 Bd7
9.O-O Nf6 10.a4 a6 11.Re1 Be7 12.h3 O-O 13.Be3 Bc6 14.a5 Rfc8 15.Re2 Qd8
16.Qd1 Qf8 17.Bd4 Rc7 18.Na4 Bxa4 19.Rxa4 e5 20.Bb6 Rc6 21.c4 h6 22.Ra1 Rxc4
23.Qb3 Qc8 24.Rd1 Qc6 25.Qf3 Rc8 26.Kh2 Bd8 27.Be3 Qd7 28.Bd2 Rd4 29.Ree1 Rxd2  0-1

[Event "Tilburg rapid20"]
[Site "Tilburg"]
[Date "1994.??.??"]
[Round "1"]
[White "Almasi, Zoltan"]
[Black "Ionov, Sergey"]
[Result "1-0"]
[WhiteElo "2620"]
[BlackElo "2530"]

1.e4 c5 2.Nf3 e6 3.d4 cxd4 4.Nxd4 Nc6 5.Nc3 Qc7 6.g3 a6 7.Bg2 d6 8.O-O Bd7
9.a4 Nf6 10.Nxc6 bxc6 11.a5 Be7 12.Be3 O-O 13.Na4 e5 14.Nb6 Rab8 15.Qe2 Qb7
16.Nxd7 Nxd7 17.b3 Qb5 18.Qd2 Nc5 19.Rfd1 Ne6 20.Bf1 Qb7 21.Bc4 Rfe8 22.Qe2 Nc7
23.Qf3 Rf8 24.h4 Nb5 25.Rd3 Kh8 26.Qh5 g6 27.Qh6 f5 28.h5 gxh5 29.exf5 Rxf5
30.Rd2 Nc7 31.Bb6 d5 32.Bd3 Bf8 33.Qe3 e4 34.Bxe4 Re8 35.Bxf5 Rxe3 36.Bxe3 Bg7
37.Ra4 Nb5 38.Rh4 Qf7 39.Bd3 Bf6 40.Rf4 Nc7 41.Bd4 Ne8 42.Re2 Kg8 43.Bxa6  1-0

[Event "Timisoara (Women)"]
[Site "Timisoara"]
[Date "1994.??.??"]
[Round "10"]
[White "Cosma, Elena Luminita"]
[Black "Nutu Gajic, Dana"]
[Result "1-0"]
[WhiteElo "2320"]
[BlackElo "2345"]

1.e4 c5 2.Nf3 Nc6 3.d4 cxd4 4.Nxd4 e6 5.Nc3 a6 6.g3 Nge7 7.Nb3 d6 8.Bg2 Bd7
9.a4 Nc8 10.O-O Be7 11.f4 O-O 12.Kh1 Na5 13.Nxa5 Qxa5 14.Be3 Bc6 15.Ne2 e5
16.f5 f6 17.c4 Qb4 18.Qc2 Nb6 19.b3 Nd7 20.Rfb1 Rac8 21.a5 Bd8 22.Bd2 Qc5
23.b4 Qa7 24.Qd3 b5 25.axb6 Qxb6 26.Be3 Qb8 27.Rxa6 Bb6 28.Bxb6 Nxb6 29.c5 Nd7
30.Rxc6 Rxc6 31.Qd5+ Kh8 32.Qxc6 Nxc5 33.Nc3 Nd3 34.h3 Rc8 35.Qb5 Nf2+ 36.Kh2 Qa7
37.Nd5 Qa2 38.Rc1 Rg8 39.Qc4 Qa3 40.Qc3 Qa7 41.Rf1 Qa2 42.Qf3  1-0

[Event "Timisoara"]
[Site "Timisoara"]
[Date "1994.??.??"]
[Round "11"]
[White "Somlai, Laszlo"]
[Black "Bakic, Rados"]
[Result "1/2-1/2"]
[WhiteElo "2375"]
[BlackElo "2435"]

1.e4 c5 2.Nf3 Nc6 3.d4 cxd4 4.Nxd4 e6 5.Nc3 Nf6 6.Nxc6 bxc6 7.e5 Nd5 8.Ne4 Ba6
9.Bxa6 Qa5+ 10.Bd2 Qxa6 11.Qe2 Qxe2+ 12.Kxe2 f5 13.Nd6+ Bxd6 14.exd6 Kf7
15.c4 Nf6 16.f3 e5 17.b3 Rhe8 18.Bb4 Re6 19.Rhe1 g5 20.Rad1 Kg6  1/2-1/2

[Event "JUG-ch"]
[Site "Tivat"]
[Date "1994.??.??"]
[Round "6"]
[White "Matulovic, Milan"]
[Black "Vukic, Milan"]
[Result "1/2-1/2"]
[WhiteElo "2460"]
[BlackElo "2425"]

1.e4 c5 2.Nc3 Nc6 3.Nf3 e6 4.d4 cxd4 5.Nxd4 Nf6 6.Nxc6 bxc6 7.e5 Nd5 8.Ne4 Qc7
9.f4 Qb6 10.c4 Ne3 11.Qd3 Nf5 12.g4 Nd4 13.b3 Bb7 14.Bg2 Rd8 15.Bb2 c5 16.O-O-O d5
17.cxd5  1/2-1/2

[Event "JUG-ch"]
[Site "Tivat"]
[Date "1994.??.??"]
[Round "11"]
[White "Matulovic, Milan"]
[Black "Abramovic, Bosko"]
[Result "1-0"]
[WhiteElo "2460"]
[BlackElo "2500"]

1.e4 c5 2.Nf3 e6 3.d4 cxd4 4.Nxd4 Nc6 5.Nc3 Qc7 6.g3 a6 7.Bg2 Nf6 8.O-O Be7
9.Re1 d6 10.Nxc6 bxc6 11.e5 dxe5 12.Rxe5 O-O 13.Re1 Bd7 14.Bf4 Qa7 15.Bd6 Bxd6
16.Qxd6 Rfd8 17.Rad1 Nd5 18.Ne4 Be8 19.Qc5 Qxc5 20.Nxc5 Kf8 21.f4 g6 22.c4 Nc7
23.b3 Ke7 24.Rxd8 Rxd8 25.Kf2 h6 26.h4 a5 27.Ke3 Ra8 28.Kd4 Rd8+ 29.Kc3 Ra8
30.Kd4 Rd8+ 31.Kc3 Ra8 32.a3 Ra7 33.Kd4 Na8 34.Bf3 Nb6 35.h5 gxh5 36.Bxh5 Nd7
37.Bf3 Kd6 38.Ne4+ Ke7 39.Rh1 Rb7 40.Nd2 c5+ 41.Kc3 Rb8 42.Rxh6 f5 43.Rh7+ Kd6
44.Rh6 Ke7 45.g4 fxg4 46.Bxg4 Nf6 47.Bxe6 Bc6 48.f5 Rd8 49.Rh2 Kd6 50.b4 axb4+
51.axb4 cxb4+ 52.Kxb4 Ke5 53.Re2+ Be4 54.Nxe4 Rb8+ 55.Ka5 Nxe4 56.Bd5 Kd4
57.Rxe4+ Kc5 58.Re6  1-0

[Event "Tomo Zupan op"]
[Site "Tomo Zupan"]
[Date "1994.??.??"]
[Round "?"]
[White "Cebasek, Jaka"]
[Black "Slibar, Matjaz"]
[Result "0-1"]
[WhiteElo "1700"]
[BlackElo "2250"]

1.e4 c5 2.Nc3 e6 3.Nf3 Nc6 4.d4 cxd4 5.Nxd4 Qc7 6.Ndb5 Qb8 7.g3 a6 8.Nd4 b5
9.Nxc6 dxc6 10.a3 Bc5 11.Qf3 Qb6 12.Be3 Bxe3 13.fxe3 e5 14.O-O-O Nf6 15.Rd6 Bg4
16.Qf2 O-O 17.Rxf6 gxf6 18.Qxf6 Qxe3+ 19.Kb1 Qf3 20.Qg5+ Kh8 21.Qxe5+ f6
22.Qd6 Qxh1  0-1

[Event "Valby"]
[Site "Valby"]
[Date "1994.??.??"]
[Round "7"]
[White "Kristensen, Bjarke"]
[Black "Schandorff, Lars"]
[Result "1/2-1/2"]
[WhiteElo "2465"]
[BlackElo "2430"]

1.e4 c5 2.Nf3 Nc6 3.Nc3 e6 4.d4 cxd4 5.Nxd4 Nf6 6.Be2 Bb4 7.O-O Bxc3 8.bxc3 Nxe4
9.Bd3 d5 10.Bxe4 dxe4 11.Ba3 Nxd4 12.cxd4 Qa5 13.Qc1 f6 14.Re1 Qf5 15.Rb1 Kf7
16.c4 Rd8 17.Rb5 Qg6 18.Qc3 Kg8 19.h4 e5 20.h5 exd4 21.Qb4 Qe8 22.h6 gxh6
23.Rd5 Bg4 24.Qxb7 e3 25.Be7 Rdb8 26.Qc7 Qg6 27.Qg3 Be6 28.Rxd4 Qxg3 29.fxg3 Kf7
30.Bd6 Rb2 31.Rxe3 Rxa2 32.Rh4 Re8 33.Rxh6 Kg7 34.Rh4 Bd7 35.Rg4+ Bxg4 36.Rxe8 Kg6
37.Rg8+ Kf5 38.c5 Rc2 39.Ra8 Ke6 40.Rxa7 Bf5 41.Re7+ Kd5 42.Rf7 Ke6 43.Re7+  1/2-1/2

[Event "Vantaa op2"]
[Site "Vantaa"]
[Date "1994.??.??"]
[Round "3"]
[White "Nouro, Mikael"]
[Black "Kiik, Kalle"]
[Result "0-1"]
[WhiteElo "2245"]
[BlackElo "2400"]

1.e4 c5 2.Nf3 e6 3.d4 cxd4 4.Nxd4 Nc6 5.Nc3 d6 6.g3 Nf6 7.Bg2 Bd7 8.O-O Be7
9.Be3 O-O 10.f4 a6 11.Qe2 Qc7 12.Nb3 b5 13.a3 Rfc8 14.g4 Ne8 15.g5 Bf8 16.Rf3 b4
17.axb4 Nxb4 18.Rh3 g6 19.Rf1 Bb5 20.Nxb5 axb5 21.c3 Qc4 22.Qg4 Qxb3 23.cxb4 Qxb2
24.Qh4 h5 25.gxh6 Rc2 26.Rg3 Ra2 27.Qh3 Nf6 28.f5 Nxe4 29.Bxe4 Rxh2 30.fxg6 f5
31.Rxf5 Ra1+ 32.Qf1 Rxf1+ 33.Rxf1 Bxh6 34.g7 Bxe3+ 35.Rxe3 Rh4 36.Bg2 Qxg7
37.Rff3 Rg4 38.Re2 e5 39.Kf1 Rf4 40.Rxf4 exf4 41.Bd5+ Kf8  0-1

[Event "Vantaa op2"]
[Site "Vantaa"]
[Date "1994.??.??"]
[Round "7"]
[White "Kokkila, Tero"]
[Black "Kanko, Ilkka"]
[Result "0-1"]
[WhiteElo "2235"]
[BlackElo "2320"]

1.e4 c5 2.Nf3 e6 3.d4 cxd4 4.Nxd4 Nc6 5.Nc3 Qc7 6.Be2 a6 7.O-O Nf6 8.Be3 Bb4
9.Bd3 b5 10.a4 bxa4 11.Nxa4 Bb7 12.Nf3 O-O 13.c3 Be7 14.h3 Ne5 15.Nxe5 Qxe5
16.Bd4 Qf4 17.Nc5 Bc6 18.g3 Qh6 19.Kh2 e5 20.Be3 Qg6 21.f3 a5 22.Nb3 a4 23.Nc5 Rfb8
24.b4 axb3 25.Rxa8 Rxa8 26.Qxb3 d6 27.Na6 d5 28.Qb6 Nd7 29.Qb1 dxe4 30.fxe4 Nf6
31.Nc7 Nxe4 32.g4 Rd8 33.c4 Qd6 34.Bxe4 Bxe4 35.Qxe4 Qxc7 36.Rb1 Qa5 37.Rb2 Qe1
38.Bf2 Qxe4  0-1

[Event "Balkaniad"]
[Site "Varna"]
[Date "1994.??.??"]
[Round "4"]
[White "Vouldis, Angelos"]
[Black "Petrov, Marijan"]
[Result "1-0"]
[WhiteElo "2295"]
[BlackElo "2400"]

1.e4 c5 2.Nf3 Nc6 3.d4 cxd4 4.Nxd4 e6 5.Nc3 d6 6.Be3 Nf6 7.Bc4 Be7 8.Bb3 O-O
9.O-O Bd7 10.Qe2 Nxd4 11.Bxd4 b5 12.Nxb5 Bxb5 13.Qxb5 Nxe4 14.Rad1 Qc7 15.Qe2 Nc5
16.f4 Rfe8 17.f5 exf5 18.Bd5 Rac8 19.Qh5 Bf8 20.Rxf5 Ne6 21.Rdf1 f6 22.Rxf6 gxf6
23.Qg4+ Kh8 24.Bxe6 Bg7 25.Bxc8 Qxc8 26.Qxc8 Rxc8 27.c3 Re8 28.Kf2 Kg8 29.Re1 Rb8
30.b4 Kf7 31.Bxa7 Ra8 32.Bd4 Rxa2+ 33.Re2 Ra8 34.b5 Rb8 35.b6 d5 36.Rb2 Rb7
37.Ra2 Rb8 38.Ra7+ Kg6 39.Rd7  1-0

[Event "Velden op"]
[Site "Velden"]
[Date "1994.??.??"]
[Round "5"]
[White "Tolnai, Tibor"]
[Black "Felsberger, Alfred"]
[Result "1-0"]
[WhiteElo "2520"]
[BlackElo "2420"]

1.e4 c5 2.Nf3 e6 3.d4 cxd4 4.Nxd4 Nc6 5.Nc3 a6 6.f4 Nxd4 7.Qxd4 b5 8.Be3 Ne7
9.Qd2 Bb7 10.Bd3 Nc6 11.O-O-O d6 12.Qf2 Be7 13.Kb1 Qc7 14.h4 Rc8 15.Bb6 Qb8
16.Rh3 Nb4 17.Qd4 Nxd3 18.Rhxd3 O-O 19.Rg3 e5 20.fxe5 dxe5 21.Qd7 Rfe8 22.Qg4 Bf8
23.Ba5 Rc6 24.a3 Rf6 25.h5 Qc8 26.Qg5 Kh8 27.Rgd3 h6 28.Qg3 Qc4 29.b3 Qc5
30.Bb4 Qc7 31.Rd7 Qb8 32.Ba5 Bc6 33.Rd8 Qb7 34.Rxe8 Bxe8 35.Qxe5 Re6 36.Qg3 Bxa3
37.b4 Bc6 38.Rd8+ Kh7 39.Nd5 f5 40.exf5 Bxd5 41.Qg6+  1-0

[Event "Vienna op"]
[Site "Vienna"]
[Date "1994.??.??"]
[Round "7"]
[White "Polgar, Sofia"]
[Black "Lehner, Oliver"]
[Result "1-0"]
[WhiteElo "2450"]
[BlackElo "2315"]

1.e4 c5 2.Nf3 e6 3.d4 cxd4 4.Nxd4 Nc6 5.Nc3 Qc7 6.Be2 a6 7.O-O Nf6 8.Be3 Be7
9.f4 d6 10.Kh1 O-O 11.a4 Bd7 12.Nb3 b6 13.Qe1 Nb4 14.Bd3 Bc6 15.Qg3 d5 16.e5 Nh5
17.Qf2 Rab8 18.Be2 f6 19.Bxh5 fxe5 20.Bg4 Kh8 21.Bxe6 d4 22.Nxd4 exd4 23.Bxd4 Bd6
24.f5  1-0

[Event "LTU-ch (Women)"]
[Site "Vilkaviskis"]
[Date "1994.??.??"]
[Round "2"]
[White "Ciuksyte, Dagne"]
[Black "Milasiute, Vygante"]
[Result "1-0"]
[WhiteElo "2095"]
[BlackElo "2085"]

1.e4 c5 2.Nf3 e6 3.Nc3 Nc6 4.d4 cxd4 5.Nxd4 Nf6 6.Ndb5 Bb4 7.a3 Bxc3+ 8.Nxc3 d5
9.exd5 exd5 10.Bd3 d4 11.Ne2 Bf5 12.O-O Bxd3 13.Qxd3 O-O 14.Bg5 h6 15.Bh4 Rc8
16.Rad1 Re8 17.Rfe1 g5 18.Bg3 Re6 19.Kf1 Kg7 20.h4 Ne4 21.hxg5 hxg5 22.f3 Qf6
23.Kg1 Nc5 24.Qc4 Rce8 25.Bf2 d3 26.Ng3 Rxe1+ 27.Bxe1 dxc2 28.Qxc2 Rxe1+
29.Rxe1 Qd4+ 30.Kf1 Qd3+ 31.Re2 Qxc2 32.Rxc2 Ne6 33.Kf2 Kg6 34.Ne4 Ned4 35.Rc4 f5
36.Nd6 b6 37.Nb5 Nxb5 38.Rxc6+ Kf7 39.a4 Nd4 40.Rc7+ Ke6 41.Rxa7 Kd5 42.a5 b5
43.Rd7+  1-0

[Event "Villa Ballester op"]
[Site "Villa Ballester"]
[Date "1994.??.??"]
[Round "5"]
[White "Valerga, Diego"]
[Black "Sorokin, Maxim"]
[Result "1/2-1/2"]
[WhiteElo "2430"]
[BlackElo "2510"]

1.e4 c5 2.Nf3 Nc6 3.d4 cxd4 4.Nxd4 e6 5.Nc3 Nf6 6.Nxc6 bxc6 7.e5 Nd5 8.Ne4 Qa5+
9.c3 f5 10.exf6 Nxf6 11.Nxf6+ gxf6 12.Be2 Ba6 13.O-O Bxe2 14.Qxe2 Bd6 15.Bh6 Rg8
16.Rad1 Qe5 17.Qxe5 Bxe5 18.Rfe1 Rg4 19.Bc1 Ke7 20.f4 Bc7 21.Re2 Rag8 22.Rf1 a5
23.Rf3 d5 24.Kf1 Bb6 25.Rh3 R8g7 26.Rh6 Rf7 27.g3 Kd7 28.Kg2 Rg8 29.Be3 Bxe3
30.Rxe3 Kd6 31.Kf3 Rg6 32.Rh5 f5 33.Re2 Rb7 34.Rh4 a4 35.h3 Kc5 36.Rd2 Rg8
37.g4 Rgb8 38.g5 Rg8 39.Rh6 Rg6 40.Rxg6 hxg6 41.h4 Kd6 42.Kg3 Rb8 43.Re2 c5
44.Rd2 Rh8 45.Rd1 e5 46.fxe5+ Kxe5 47.Rh1 d4 48.cxd4+ cxd4 49.Kf3 f4 50.Re1+ Kd5
51.Kxf4 Rxh4+ 52.Kf3 Rh3+ 53.Kf4 Rh2 54.Re5+ Kc4 55.Ra5 Kd3 56.Rxa4 Rf2+
57.Kg3 Rf5 58.Kg4 Ke3 59.Ra6 d3 60.Re6+ Kf2 61.Rxg6 Rd5  1/2-1/2

[Event "LTU-ch  Vilnius"]
[Site "Vilnius"]
[Date "1994.??.??"]
[Round "3"]
[White "Labuckas, Aidas"]
[Black "Zapolskis, Antanas"]
[Result "1/2-1/2"]
[WhiteElo "2250"]
[BlackElo "2385"]

1.e4 c5 2.Nf3 e6 3.Nc3 Nc6 4.d4 cxd4 5.Nxd4 Nf6 6.Ndb5 d6 7.Bf4 e5 8.Bg5 a6
9.Na3 b5 10.Nd5 Be7 11.Nxe7 Nxe7 12.Qf3 Bg4 13.Qg3 Be6 14.Bd3 Ng6 15.O-O O-O
16.c4 bxc4 17.Nxc4 h6 18.Bxf6 Qxf6 19.Rfd1 Rfd8 20.Bf1 d5 21.Nb6 Rab8 22.exd5 Rxb6
23.dxe6 Rxe6 24.Qc3 Red6 25.Rxd6 Rxd6 26.g3 Qd8 27.Rc1 Kh7 28.h4 e4 29.h5 Nf8
30.Qe5 Re6 31.Qf4 Qe8 32.Re1 Kg8 33.Bc4 Re7 34.Bd5 Qb5 35.Rxe4 Rd7 36.Bb3 Qxh5
37.Re8 Qc5 38.Qe3 Qd6 39.Qe5 Qxe5 40.Rxe5 Rd6 41.Bc4 Ne6 42.Ra5 Nc7 43.Rc5 Ne6
44.Rc8+ Kh7 45.Ra8 Rd2 46.b4 Rd4 47.Rc8 Rd6 48.Ra8 Rd4 49.Bxe6 fxe6 50.a3 Rd6
51.Kf1 Kg6 52.Ke2 Kf5 53.Rf8+ Kg4 54.Rf4+ Kg5 55.Ke3 Rd1 56.Rc4 Ra1 57.Rc5+ Kg4
58.Ra5 g5 59.Rxa6 Rb1 60.Kd3 h5 61.Rxe6 Rb3+ 62.Kc4 Rxa3 63.b5 Ra2 64.Rf6 Rb2
65.b6 h4 66.gxh4 gxh4 67.Kc5 h3 68.Rg6+ Kh4 69.f4 Rc2+ 70.Kd6 Rd2+ 71.Kc7 Rc2+
72.Kd6 Rd2+ 73.Ke5 Rd7 74.Rh6+ Kg3 75.Ke6 Rb7 76.Kd5 Kxf4 77.Kc6 Rxb6+ 78.Kxb6 Kg3  1/2-1/2

[Event "LTU-ch  Vilnius"]
[Site "Vilnius"]
[Date "1994.??.??"]
[Round "8"]
[White "Zapolskis, Antanas"]
[Black "Ruzele, Darius"]
[Result "0-1"]
[WhiteElo "2385"]
[BlackElo "2515"]

1.e4 c5 2.Nf3 e6 3.d4 cxd4 4.Nxd4 Nc6 5.Nc3 Qc7 6.g3 a6 7.Bg2 Nf6 8.O-O Nxd4
9.Qxd4 Bc5 10.Qd1 h5 11.Bf4 d6 12.Na4 e5 13.Bg5 Bd4 14.c3 Ba7 15.b4 Bd7 16.Rc1 Qc6
17.Nb2 Nxe4 18.Bxe4 Qxe4 19.Qxd6 f6 20.Rce1 Qf5 21.Nc4 Qe6 22.Be3 Bxe3 23.Qxe6+ Bxe6
24.Nxe3 Bh3 25.Ng2 O-O-O 26.f4 Rd2 27.Rf2 Rhd8 28.Ne3 exf4 29.Rxf4 Re8 30.a4 Kb8
31.Rf2 Rxe3  0-1

[Event "LTU-ch  Vilnius"]
[Site "Vilnius"]
[Date "1994.??.??"]
[Round "8"]
[White "Malisauskas, Vidmantas"]
[Black "Grabliauskas, Virginijus"]
[Result "1/2-1/2"]
[WhiteElo "2525"]
[BlackElo "2340"]

1.e4 c5 2.Nf3 e6 3.d4 cxd4 4.Nxd4 Nc6 5.Nc3 Qc7 6.g3 a6 7.Bg2 Nf6 8.O-O Nxd4
9.Qxd4 Bc5 10.Qd1 d6 11.Bf4 Bd7 12.a3 Ke7 13.Qe2 Bc6 14.Rfd1 e5 15.Bg5 Bd4
16.Rd3 h6 17.Bxf6+ Kxf6 18.Qf3+ Ke7 19.Nd1 Rhd8 20.c3 Bb6 21.Ne3 Bxe3 22.Qxe3 a5  1/2-1/2

[Event "LTU-ch  Vilnius"]
[Site "Vilnius"]
[Date "1994.??.??"]
[Round "12"]
[White "Labuckas, Aidas"]
[Black "Ruzele, Darius"]
[Result "1-0"]
[WhiteElo "2250"]
[BlackElo "2515"]

1.e4 c5 2.Nf3 Nc6 3.Nc3 e6 4.d4 cxd4 5.Nxd4 Qc7 6.Be3 a6 7.Bd3 Nf6 8.Qe2 Bb4
9.O-O Ne5 10.f4 Neg4 11.e5 Nxe3 12.exf6 Bxc3 13.Qxe3 Bxb2 14.fxg7 Rg8 15.Rab1 Bc3
16.Rb3 Rxg7 17.Rxc3 Qxc3 18.Nxe6 Rxg2+ 19.Kxg2 Qc6+ 20.Be4 Qxe6 21.Qd4 Ke7
22.Re1 d5 23.f5 Qd6 24.Bxd5+ Kd8 25.c4 Qb4 26.Rb1 Qd6 27.c5 Qd7 28.Rb6 Qe7
29.Bxb7+ Bd7 30.Bxa8 Qe2+ 31.Kg3 Qe1+ 32.Kg4 Qe2+ 33.Bf3 h5+ 34.Kg3 h4+ 35.Qxh4+  1-0

[Event "LTU-ch  Vilnius"]
[Site "Vilnius"]
[Date "1994.??.??"]
[Round "13"]
[White "Zapolskis, Antanas"]
[Black "Malisauskas, Vidmantas"]
[Result "0-1"]
[WhiteElo "2385"]
[BlackElo "2525"]

1.e4 c5 2.Nf3 e6 3.d4 cxd4 4.Nxd4 Nc6 5.Nc3 Qc7 6.g3 a6 7.Bg2 Nf6 8.Nb3 d6
9.O-O Be7 10.f4 O-O 11.Be3 b5 12.g4 Nd7 13.g5 Re8 14.Qg4 Bf8 15.Rf3 g6 16.Qh4 b4
17.Na4 Bg7 18.f5 exf5 19.exf5 Nde5 20.Rh3 Bxf5 21.Qxh7+ Kf8 22.Nb6 Bxh3 23.Nxa8 Rxa8
24.Qxh3 Nc4 25.Bd4 Nxd4 26.Bxa8 Nxc2 27.Rf1 N2e3 28.Rf2 Nd1 29.Qf3 Nxf2 30.Qxf2 Qd8
31.Qf4 d5  0-1

[Event "Volgograd"]
[Site "Volgograd"]
[Date "1994.??.??"]
[Round "1"]
[White "Saltaev, Mihail"]
[Black "Tregubov, Pavel V"]
[Result "1/2-1/2"]
[WhiteElo "2480"]
[BlackElo "2495"]

1.e4 c5 2.Nf3 e6 3.d4 cxd4 4.Nxd4 Nc6 5.Nc3 Qc7 6.Be3 a6 7.Bd3 Nf6 8.O-O Nxd4
9.Bxd4 Bc5 10.Bxc5 Qxc5 11.Qe2 d6 12.Kh1 O-O 13.f4 e5 14.Bc4 Be6 15.Bb3 Rac8
16.Qd3 b5 17.Rad1 Bxb3 18.cxb3 Rfe8 19.Qxd6 b4 20.Qxc5 Rxc5 21.Nd5 Nxd5 22.Rxd5 Rxd5
23.exd5 exf4 24.h4 Re4 25.Rc1 Kf8 26.Rc4 f5 27.Kg1 Ke7 28.Kf2 Kd6 29.Rc6+ Kxd5
30.Rxa6 Rd4 31.Kf3 Ke5 32.Ra5+ Kf6 33.Rc5 Rd2 34.Rc4 h6 35.Rxf4 Rxb2 36.Rxb4 Rxa2
37.Rb6+ Ke5 38.h5 Rc2 39.Rb5+ Kf6 40.Kf4 Rf2+ 41.Kg3 Rd2 42.Rb6+ Kg5 43.Rg6+ Kxh5
44.Rxg7 Rd3+ 45.Kf4 Rxb3 46.Kxf5 Rb5+ 47.Kf4 Rb4+ 48.Kf3 Rg4  1/2-1/2